Master your PC : (Record no. 176437)
[ view plain ]
| 000 -LEADER | |
|---|---|
| fixed length control field | 00576 a2200169 4500 |
| 003 - CONTROL NUMBER IDENTIFIER | |
| control field | Nust |
| 005 - DATE AND TIME OF LATEST TRANSACTION | |
| control field | 20220725124809.0 |
| 020 ## - INTERNATIONAL STANDARD BOOK NUMBER | |
| International Standard Book Number | 9690015192 |
| 040 ## - CATALOGING SOURCE | |
| Transcribing agency | Nust |
| 082 ## - DEWEY DECIMAL CLASSIFICATION NUMBER | |
| Classification number | 004.16,NAQ |
| 100 ## - MAIN ENTRY--PERSONAL NAME | |
| Personal name | Naqvi,Tehseen |
| 9 (RLIN) | 94895 |
| 245 ## - TITLE STATEMENT | |
| Title | Master your PC : |
| Remainder of title | DOS & Windows / |
| Statement of responsibility, etc. | Tehseen Naqvi |
| 260 ## - PUBLICATION, DISTRIBUTION, ETC. | |
| Place of publication, distribution, etc. | Lahore (Pakistan) |
| Name of publisher, distributor, etc. | Ferozsona |
| Date of publication, distribution, etc. | 1998 |
| 300 ## - PHYSICAL DESCRIPTION | |
| Extent | vi,E9 p.: |
| 505 ## - FORMATTED CONTENTS NOTE | |
| Formatted contents note | The PC Fundamentals (Page-A-1), What Can I Do With DOS (Page-B-1), Using Windows 3.1 (Page-C-1), Using Windows 95 (Page-D-1), The PC Secret – An Insight (Page-E-1) |
| 942 ## - ADDED ENTRY ELEMENTS (KOHA) | |
| Source of classification or shelving scheme | |
| Koha item type | Book |
| Call number prefix | 004.16,HAQ |
| Withdrawn status | Lost status | Source of classification or shelving scheme | Damaged status | Not for loan | Permanent Location | Current Location | Shelving location | Date acquired | Total Checkouts | Full call number | Barcode | Date last seen | Date last checked out | Price effective from | Koha item type | Public note |
|---|---|---|---|---|---|---|---|---|---|---|---|---|---|---|---|---|
| Military College of Signals (MCS) | Military College of Signals (MCS) | General Stacks | 12/12/2016 | 1 | 004.16,NAQ | MCS26653 | 12/28/2022 | 12/14/2022 | 12/12/2016 | Book | Almirah No.2, Shelf No.1 |
